Normal view
MARC view
- Inscriptions, Chinese
Entry Topical Term
001 - CONTROL NUMBER
- control field: 50669
003 - CONTROL NUMBER IDENTIFIER
- control field: NUST
005 - DATE AND TIME OF LATEST TRANSACTION
- control field: 20210314134721.0
008 - FIXED-LENGTH DATA ELEMENTS
- fixed length control field: 210314|| aca||aabn | a|a d
040 ## - CATALOGING SOURCE
- Original cataloging agency: NUST
- Transcribing agency: NUST
150 ## - HEADING--TOPICAL TERM
- Topical term or geographic name entry element: Inscriptions, Chinese
670 ## - SOURCE DATA FOUND
- Source citation: Work cat.: (NUST): Polo, Marco, 50667, The book of Ser Marco Polo, the Venetian, 1875.
